000 00473nmm a2200157Ia 4500
008 251105s9999||||xx |||||||||||||||||und||
020 _a9789587411294
041 _aspa
100 _aCapacho, José Rafael
245 0 _aEvaluacion del aprendizaje en espacios virtuales - TIC
264 _a[Bogotá, Colombia] :
_bUniversidad del Norte,
_c2011
300 _a358 páginas
650 _aEducation
856 _uhttps://public.digitaliapublishing.com/a/10093
942 _cCF
999 _c95895
_d95895